Bahaar Shariat (Record no. 7147)

000 -LEADER
fixed length control field 00378 a2200133 4500
040 ## - CATALOGING SOURCE
Original cataloging agency Library of Congress
Language of cataloging English
082 ## - DEWEY DECIMAL CLASSIFICATION NUMBER
Classification number 297.2
100 ## - MAIN ENTRY--PERSONAL NAME
Personal name Ali, Muhammad Amjad.
245 ## - TITLE STATEMENT
Title Bahaar Shariat
Statement of responsibility, etc. Muhammad Amjad Ali.
Medium [Urdu]
260 ## - PUBLICATION, DISTRIBUTION, ETC.
Place of publication, distribution, etc. Lahore :
Name of publisher, distributor, etc. Shabir Brothers,
Date of publication, distribution, etc. 1996.
300 ## - PHYSICAL DESCRIPTION
Extent v. 1; 763 p. ;
Dimensions 24 cm.
650 ## - SUBJECT ADDED ENTRY--TOPICAL TERM
Topical term or geographic name entry element Islam -- Doctrines.
942 ## - ADDED ENTRY ELEMENTS (KOHA)
Koha item type Book
Call number prefix 297.2 ALI
Source of classification or shelving scheme
Holdings
Withdrawn status Lost status Source of classification or shelving scheme Damaged status Not for loan Permanent Location Current Location Shelving location Date acquired Source of acquisition Cost, normal purchase price Total Checkouts Full call number Barcode Checked out Date last seen Date last checked out Price effective from Koha item type
          Central Library (CL) Central Library (CL) General Stacks 08/25/2021 Shabir Brothers, Lahore 225.00 2 297.2 ALI SEECS000224 08/31/2025 08/01/2025 08/01/2025 01/05/2017 Book
© 2023 Central Library, National University of Sciences and Technology. All Rights Reserved.